000 00864cam a2200277 4500
001 293029
003 ARRUPE
005 20160830114755.0
008 710702s1971 nyu b 001 0 eng
010 _a 70135368
020 _a0394460383
040 _aDLC
_cDLC
_dDLC
043 _an-us---
050 0 0 _aHV95
_b.P57
082 0 0 _a361.6/0973
_219
100 1 _aPiven, Frances Fox.
_925554
245 1 0 _aRegulating the poor:
_bthe functions of public welfare
_c/Frances Fox Piven and Richard A. Cloward.
260 _aNew York,
_bPantheon Books
_c1971
300 _axvii, 389 p.
_c22 cm.
350 _a$10.00
504 _aIncludes bibliographical references.
650 0 _aPublic welfare
_zUnited States.
_925555
700 1 _aCloward, Richard A.,
_ejoint author.
_925556
906 _a7
_bcbc
_corignew
_d2
_encip
_f19
_gy-gencatlg
942 _2lcc
_cMONOGRAPH
999 _c125163
_d125163